| 000 | 00443nam a22001577a 4500 | ||
|---|---|---|---|
| 003 | PILC | ||
| 005 | 20150505101810.0 | ||
| 008 | 150505b xxu||||| |||| 00| 0 eng d | ||
| 050 |
_aR 855 _b.El49 2005 |
||
| 245 | _aElsevier periodicals. | ||
| 250 | _aAsia Pacific Ed. | ||
| 260 |
_aAustralia : _bElsevier ; _c2005. |
||
| 300 |
_axxxi, 380 pages : _billustrations ; _c18 cm. |
||
| 610 |
_aElsevier _xPeriodicals _xCompilation. |
||
| 942 |
_2lcc _cBK |
||
| 999 |
_c283828 _d283828 |
||